| 000 | 00630nam a2200169Ia 4500 | ||
|---|---|---|---|
| 008 | 090201s9999 xx 000 0 und d | ||
| 010 | _aKPL-14398 | ||
| 040 | _bमराठी | ||
| 041 | _aमराठी | ||
| 082 |
_a3796 _b14398 |
||
| 100 | _aकृ. ना. वळसंगदुर | ||
| 245 |
_aध्येयवादी विचारसरणीचे युग _cकृ. ना. वळसंगदुर |
||
| 260 |
_c1974 _bमॅजेस्टिक प्रकाशन |
||
| 300 |
_a136 _bमोठा |
||
| 600 | _aध्येयवादी विचारसरणीचे युग | ||
| 942 | _cBOOK | ||
| 999 |
_c204918 _d204918 |
||